| 000 | 01563nam a2200301 4500 | ||
|---|---|---|---|
| 001 | 413 | ||
| 003 | OSt | ||
| 005 | 20250528074019.0 | ||
| 008 | 250516b |||||||g |||| 00| 1 eng d | ||
| 020 | _a9788501117373 | ||
| 040 | _bpor | ||
| 041 |
_heng _apor |
||
| 082 |
_a920 _bO18e |
||
| 100 |
_aO'connell ryan _d1986- _9897 |
||
| 240 | _aSpecial | ||
| 245 |
_aEspecial / _cO'Connell, Ryan; Tradução de Adriana Fidalgo |
||
| 260 |
_aRio de Janeiro _bGalera _c2019 |
||
| 300 | _a225 p. | ||
| 520 | _aO livro que deu origem à série Special, da Netflix. Como se os desafios de ser um jovem gay com paralisia cerebral não fossem o bastante, Ryan O’Connell viveu todos os clichês de um Millennial. Ele passou a segunda década de sua vida estagiando para divas delirantes, engolindo todos os remédios que conseguia encontrar pelo caminho e tentando achar o amor verdadeiro — coff coff — no Grindr. Mas depois de tanta tentativa e erro, Ryan pode dizer, com propriedade, que mancou elegantemente todo o caminho para a vida adulta. Especial, seu (hilário) relato autobiográfico, é uma reflexão sobre o mundo cruel que espera jovens de vinte e poucos anos superprotegidos pelos pais e uma lição de como encontrar a si mesmo em meio às disputas por likes e seguidores. | ||
| 650 | 0 |
_aLiteratura australiana _9219 |
|
| 650 | 0 |
_aLGBT _950 |
|
| 650 | 0 |
_aAutobiografia _9887 |
|
| 650 | 0 |
_aEm busca do amor verdadeiro _9888 |
|
| 655 | 0 |
_aBiografia _936 |
|
| 655 | 0 |
_aFicção _922 |
|
| 700 |
_aAdriana Fidalgo _eTRADUTORA _9889 |
||
| 942 |
_2ddc _n0 _cBK |
||
| 999 |
_c413 _d413 |
||